[Event "UZB-ch (Women)"]
[Site "Tashkent"]
[Date "2024.04.23"]
[Round "7"]
[White "Khamdamova, Afruza"]
[Black "Slapoguzova, Oksana"]
[Result "1-0"]
[WhiteElo "2300"]
[BlackElo "1815"]
[PlyCount "97"]
[EventDate "2024.04.20"]
[EventType "tourn (rapid)"]
[EventRounds "17"]
[EventCountry "UZB"]
[SourceTitle "CBM 219 Extra"]
[Source "ChessBase"]
[SourceDate "2024.05.31"]
[SourceVersion "1"]
[SourceVersionDate "2024.05.31"]
[SourceQuality "1"]

1. e4 c5 2. Nf3 g6 3. d4 cxd4 4. Nxd4 Nc6 5. c4 Nf6 6. Nc3 Nxd4 7. Qxd4 d6 8. Be2 Bg7 9. Be3 0-0 10. Qd2 Bd7 11. 0-0 Bc6 12. f3 a5 13. Rad1 a4 14. Kh1 Qa5 15. Bd4 Rfc8 16. Qd3 Nd7 17. Bxg7 Kxg7 18. f4 f5 19. exf5 Qxf5 20. Qe3 Re8 21. Nd5 Bxd5 22. cxd5 Qf6 23. Bb5 Rad8 24. Qe6 Nc5 25. Qxf6+ Kxf6 26. Bxe8 Rxe8 27. g4 b5 28. Rd4 Rb8 29. a3 Na6 30. Re1 Rc8 31. Rde4 Rc7 32. Re6+ Kf7 33. f5 Nc5 34. fxg6+ hxg6 35. Rf1+ Kg7 36. Re3 Rb7 37. g5 Rc7 38. h4 Rb7 39. Kg2 Rd7 40. Kh3 Nb7 41. Rf4 Nd8 42. Rfe4 Kf8 43. Rf3+ Kg7 44. Ref4 Rc7 45. Kg4 Rc1 46. Rf8 Rc8 47. h5 gxh5+ 48. Kxh5 Ra8 49. Re8 1-0

[Event "UZB-ch (Women)"]
[Site "Tashkent"]
[Date "2024.04.22"]
[Round "6"]
[White "Slapoguzova, Oksana"]
[Black "Omonova, Umida"]
[Result "0-1"]
[WhiteElo "1815"]
[BlackElo "2081"]
[PlyCount "102"]
[EventDate "2024.04.20"]
[EventType "tourn (rapid)"]
[EventRounds "17"]
[EventCountry "UZB"]
[SourceTitle "CBM 219 Extra"]
[Source "ChessBase"]
[SourceDate "2024.05.31"]
[SourceVersion "1"]
[SourceVersionDate "2024.05.31"]
[SourceQuality "1"]

1. e4 c5 2. Nc3 Nc6 3. g3 g6 4. Bg2 Bg7 5. d3 d6 6. Be3 e6 7. Qd2 h5 8. f4 Nge7 9. Nf3 Nd4 10. Nd1 d5 11. c3 Nxf3+ 12. Bxf3 b6 13. Bf2 dxe4 14. Bxe4 Rb8 15. Ne3 Ba6 16. Rd1 Qd7 17. Nc4 h4 18. Qe3 Rd8 19. Ne5 Qa4 20. 0-0 hxg3 21. Bxg3 Bxe5 22. fxe5 Nf5 23. Qg5 Rh5 24. Qf6 Rd7 25. b3 Qxa2 26. Bc6 Bb7 27. Bxd7+ Kxd7 28. Qxf7+ Ne7 29. Qf2 Qxb3 30. d4 Nf5 31. dxc5+ Ke7 32. Qd2 Bd5 33. Qd3 Qa3 34. cxb6 Qc5+ 35. Rf2 axb6 36. c4 Qxc4 37. Qxc4 Bxc4 38. Bf4 Bd5 39. Rb2 g5 40. Bd2 Nh4 41. Bb4+ Kd7 42. Rf2 g4 43. Bd6 Nf3+ 44. Kf1 Nxh2+ 45. Ke1 Nf3+ 46. Ke2 Nxe5 47. Bxe5 Rxe5+ 48. Kd3 g3 49. Rf7+ Kd6 50. Rg7 g2 51. Ra1 Rh5 0-1

[Event "Sitges Sunway op 10th"]
[Site "Sitges"]
[Date "2023.12.20"]
[Round "8"]
[White "Slapoguzova, Oksana"]
[Black "Gaurav, Rajesh Zagade"]
[Result "1/2-1/2"]
[WhiteElo "1593"]
[BlackElo "2126"]
[PlyCount "111"]
[EventDate "2023.12.12"]
[EventType "swiss"]
[EventRounds "10"]
[EventCountry "ESP"]
[SourceTitle "EXT 2025"]
[Source "ChessBase"]
[SourceDate "2024.10.14"]
[SourceVersion "1"]
[SourceVersionDate "2024.10.14"]
[SourceQuality "1"]

1. e4 e5 2. Nf3 Nc6 3. d4 exd4 4. Nxd4 Qf6 5. Nf3 Bb4+ 6. c3 Bc5 7. Bg5 Qg6 8. Bd3 Ne5 9. h4 Nxd3+ 10. Qxd3 h6 11. Ne5 Qe6 12. Bf4 Nf6 13. Nd2 0-0 14. Qc4 Qxc4 15. Ndxc4 d5 16. Ne3 c6 17. exd5 Bxe3 18. Bxe3 Nxd5 19. 0-0-0 Nxe3 20. fxe3 Bg4 21. Rdf1 Rfe8 22. e4 Re7 23. Rf4 h5 24. Nc4 Be6 25. Nd2 f6 26. b3 Rae8 27. Rhf1 Bg4 28. R1f2 b5 29. Kc2 Rd8 30. Nf3 c5 31. Rd2 Rxd2+ 32. Nxd2 Kf7 33. Kd3 Ke6 34. Ke3 Rd7 35. Rf1 Rd6 36. Ra1 Ra6 37. a4 Kd6 38. a5 Be6 39. Kd3 Bxb3 40. Nxb3 c4+ 41. Kc2 cxb3+ 42. Kxb3 Kc5 43. Rd1 Rd6 44. Rxd6 Kxd6 45. Kb4 a6 46. c4 bxc4 47. Kxc4 g5 48. g3 gxh4 49. gxh4 Ke5 50. Kc5 Kxe4 51. Kb6 Kd4 52. Kxa6 Kc5 53. Ka7 f5 54. a6 Kc6 55. Ka8 f4 56. a7 1/2-1/2